000 01749cam a22004697a 4500
001 000092981
003 CHAP
005 20220329142913.0
008 050127d2004 mx r 00110 spa d
010 _a89447
011 _a90419
035 _a100975
040 _cCHAP
090 _aTesis
100 0 0 _aZapata Cauich, Raúl Artemio.
_9123636
245 1 0 _aColmenas de maíz y miel y sus estrategias en el mundo global : estrategias de desarrollo de los campesinos mayas del oriente de Yucatán /
_c/por Raúl Artemio Zapata Cauich.
260 _aChapingo, Méx. :
_bEl autor,
_c2004.
300 _a319 h.
502 _aTesis (M. C. en Desarrollo Rural Regional) - - UACH. Dirección de Centros Regionales Universitarios
590 _aALEPH
_b10
_c20130110
_lUCH01
_h1503
590 _aBATCH-UPD
_b10
_c20130110
_lUCH01
_h0651
590 _aBATCH-UPD
_b10
_c20130410
_lUCH01
_h0336
590 _aBATCH-UPD
_b10
_c20130914
_lUCH01
_h0829
590 _aBATCH-UPD
_b10
_c20140324
_lUCH01
_h1448
590 _aBATCH-UPD
_b10
_c20141002
_lUCH01
_h0825
590 _aCONVERSION
_b10
_c20130109
_lUCH01
_h1350
590 _aE12093SGE
_b10
_c20130620
_lUCH01
_h1106
650 1 4 _aApicultura
_xYucatan.
_96283
650 1 4 _aCampesinado
_xYucatán.
_918049
650 1 4 _aDesarrollo rural.
_932067
650 1 4 _aGlobalización.
_948300
650 1 4 _aMaíz
_xYucatán.
_971086
650 1 4 _aMiel de abejas
_xMercadeo.
_975567
650 1 4 _aYucatán
_xCondiciones rurales.
_9123316
856 _3Finding aid
_uhttp://10.13.5.2/tesis/100975.pdf
_zTeclea aquí
901 _aBK
905 _aLilia
942 _cCD
942 _n0
949 _aTesis
_bBC
_cTES
_d100975
_eTS1
_h43423
_i100975
_sb
949 _aTesis
_bBC
_cTES
_d33724000934410
_eTS2
_fc.2
_h43424
_i100975
_sb
999 _c89447
_d89447